|
|
|
|
| LEADER |
01389nam a22003017a 4500 |
| 001 |
40733 |
| 003 |
BD-DhAAL |
| 005 |
20241101150305.0 |
| 008 |
230126r20151992bg ||||| |||| 00| 0 ben d |
| 020 |
|
|
|a 9789840422753
|
| 040 |
|
|
|a BD-DhAAL
|c BD-DhAAL
|
| 041 |
|
|
|a ben
|
| 082 |
|
|
|a 891.44371
|2 23
|
| 100 |
|
|
|a নজরুল ইসলাম,
|c কাজী,
|d ১৮৯৯-১৯৭৬.
|9 53229
|
| 245 |
|
|
|a বাঁধন-হারা /
|c কাজী নজরুল ইসলাম.
|
| 246 |
|
|
|a Bhadan hara
|
| 260 |
|
|
|a ঢাকা :
|b আগামী প্রকাশনী,
|c ১৯৯২ [নবম মুদ্রণ ২০১৫].
|
| 300 |
|
|
|a ১০২ পৃষ্ঠা ;
|c ২২ সে.মি.
|
| 526 |
|
|
|a GenEd (Residential Campus)
|
| 541 |
|
|
|a Development Book Agency
|e 40733, 40732
|
| 600 |
|
|
|a Nazrul Islam,
|c Kazi,
|d 1899-1976.
|
| 650 |
|
|
|a Bengali fiction.
|
| 650 |
|
|
|a Bengali literature.
|
| 852 |
|
|
|a Ayesha Abed Library
|
| 942 |
|
|
|2 ddc
|c BK
|
| 999 |
|
|
|c 45350
|d 45350
|
| 952 |
|
|
|0 0
|1 0
|2 ddc
|4 0
|6 891_443710000000000_NAZ
|7 0
|9 72896
|a SCL
|b SCL
|c GEN
|d 2023-01-15
|e Development Book Agency
|g 170.00
|l 1
|o 891.44371 NAZ
|p 3020040732
|r 2025-03-01
|s 2025-02-24
|t 1
|v 170.00
|w 2023-01-15
|y BK
|
| 952 |
|
|
|0 0
|1 0
|2 ddc
|4 0
|6 891_443710000000000_NAZ
|7 0
|9 72897
|a SCL
|b SCL
|c GEN
|d 2023-01-15
|e Development Book Agency
|g 170.00
|l 0
|o 891.44371 NAZ
|p 3020040733
|r 2023-01-15
|t 2
|v 170.00
|w 2023-01-15
|y BK
|